ARRUPE JESUIT UNIVERSITY

CORONAVIRUS -STOP THE SPREAD - CLEAN,DISINFECT,COVER

A brief history of western philosophy (Record no. 66216)

MARC details
000 -LEADER
fixed length control field 00523nam a2200217Ia 4500
003 - CONTROL NUMBER IDENTIFIER
control field 0100
008 - FIXED-LENGTH DATA ELEMENTS--GENERAL INFORMATION
fixed length control field 130303s9999 xx 000 0 und d
020 ## - INTERNATIONAL STANDARD BOOK NUMBER
International Standard Book Number 9780631201328
040 ## - CATALOGING SOURCE
Transcribing agency ARRUPELIB
050 ## - LIBRARY OF CONGRESS CALL NUMBER
Classification number B72.K44 1998
300 ## - PHYSICAL DESCRIPTION
Other physical details 365p. 25cm.
100 ## - MAIN ENTRY--PERSONAL NAME
Personal name Kenny, Anthony
245 #2 - TITLE STATEMENT
Title A brief history of western philosophy
260 ## - PUBLICATION, DISTRIBUTION, ETC. (IMPRINT)
Place of publication, distribution, etc Oxford
260 ## - PUBLICATION, DISTRIBUTION, ETC. (IMPRINT)
Name of publisher, distributor, etc Blackwell
260 ## - PUBLICATION, DISTRIBUTION, ETC. (IMPRINT)
-- 1998
300 ## - PHYSICAL DESCRIPTION
Extent xiii
650 ## - SUBJECT ADDED ENTRY--TOPICAL TERM
Topical term following geographic name as entry element Hegel, Georg Wilhelm Friedrich
650 ## - SUBJECT ADDED ENTRY--TOPICAL TERM
Location of event History-philosophy
942 ## - ADDED ENTRY ELEMENTS (KOHA)
Source of classification or shelving scheme Library of Congress Classification
Koha issues (borrowed), all copies 18
Holdings
Withdrawn status Lost status Source of classification or shelving scheme Damaged status Not for loan Collection code Home library Current library Shelving location Date acquired Total Checkouts Full call number Barcode Date last seen Date checked out Copy number Price effective from Koha item type
    Library of Congress Classification     Main Collection ARRUPE LIBRARY ARRUPE LIBRARY   05/03/2013 21 B72.K44 1998 46004004735 18/03/2016 21/01/2016 1 05/03/2013 Monograph ( Printed materials)

 

Arrupe Library. PO Box MP320 Mt Pleasant, Harare, Zimbabwe
263 242 745411|librarian@aju.ac.zw